Historia de la ética

Uloženo v:
Podrobná bibliografie
Hlavní autor: Camps, Victoria (editora)
Médium: Kniha
Vydáno: Barcelona, España: Crítica, 1988.
Témata:
Tagy: Přidat tag
Žádné tagy, Buďte první, kdo vytvoří štítek k tomuto záznamu!

MARC

LEADER 00000nam a22000007a 4500
001 UCV1073
003 CL-VaPUC
005 20220822114611.0
008 220712t1988 ||||| |||| 00| 0 eng d
999 |c 436938  |d 436936 
020 |a 84-7423-336-4 
040 |c Pontificia Universidad Católica de Valparaíso 
082 0 4 |a 170.9 CAM 1988  |2 21 
100 0 |a Camps, Victoria  |e editora  |9 295329 
245 1 0 |a Historia de la ética 
260 |a Barcelona, España:  |b Crítica,  |c 1988. 
300 |a 3 volúmenes 
500 |a c.1 Donación Familia Prof. Alejandro Guzmán Brito. 
505 |a v.1: De los griegos al Renacimiento 
583 |a last modification  |c 20150907 02:20:04  |k Cristina María Rojas Aguilar 
650 0 |a Ética  |9 255099  |x Historia  
650 7 |a Filosofía política   |2 CL-VaPUC  |9 295330 
942 |c BK  |2 ddc  |n 0 
952 |0 0  |1 0  |2 ddc  |4 0  |6 170_900000000000000_CAM_1988  |7 0  |8 C_AGB  |9 584671  |a BIBDER  |b BIBDER  |d 2022-07-12  |e Donación   |h v.1  |i 5652763  |o 170.9 CAM 1988  |p 5652763  |r 2023-01-25  |t 1  |w 2022-07-12  |y BK_US  |k AGB